00629nam a2200181Ia 4500008004100000020001800041050001400059100003000073245001600103245010100119260001800220260003800238260000900276300001400285300002600299999001900325952010300344180207s9999 xx 000 0 und d a9789715162265 bB186 2006 aBalingit, Purificacion C. aAnnie ant / cPurificacion C. Balingit ; illustrated by Jomar S. Montinola ; colors by Lloyd Guiller D. Ybera. aPhilippines : bMerryland Publishing Corporation. c2006 aunpaged : bcolor illustrations ; c355897d355897 001040aSSISMbSSISMd2018-02-07l0oBB B186 2006pSSISM5442r2018-02-07 00:00:00w2018-02-07yBK